Diseño de una maquina artesanal desplumadura de pollo a través del análisis de diferentes prototipos, para la reducción de costos en mano de obra en beneficio a pequeños y medianos productores avícolas de Nicaragua, 2020
La investigación presenta el diseño de una maquina artesanal desplumadura de pollo a través del análisis de diferentes prototipos, para la reducción de costos en mano de obra en beneficio a pequeños y medianos productores avícolas de Nicaragua.
| Main Author: | |
|---|---|
| Other Authors: | |
| Format: | Tesis Section = Libro |
| Language: | Undetermined Spanish |
| Published: |
Managua
UNI
2021
|
| Subjects: |
| LEADER | 01270nam a2200265Ia 4500 | ||
|---|---|---|---|
| 008 | 240830s9999 xx 000 0 und d | ||
| 040 | |a BIBLIOTECA-RUPAP/ Mon 636.513 C149 | ||
| 041 | |a spa | ||
| 082 | |a Mon 636.513 C149 | ||
| 100 | 1 | |a Calero Díaz, Marco Antonio | |
| 245 | 1 | 0 | |a Diseño de una maquina artesanal desplumadura de pollo a través del análisis de diferentes prototipos, para la reducción de costos en mano de obra en beneficio a pequeños y medianos productores avícolas de Nicaragua, 2020 |
| 260 | |a Managua |b UNI |c 2021 | ||
| 300 | |a 70 p.:il. | ||
| 500 | |a Contiene: anexos y CD. | ||
| 502 | |a Tesis (Ingeniero Agrícola) - UNI, 2021. | ||
| 520 | 3 | |a La investigación presenta el diseño de una maquina artesanal desplumadura de pollo a través del análisis de diferentes prototipos, para la reducción de costos en mano de obra en beneficio a pequeños y medianos productores avícolas de Nicaragua. | |
| 650 | 7 | |a AVES DE CORRAL | |
| 650 | 7 | |b CRIA DE POLLOS-NICARAGUA | |
| 650 | 7 | |c CARNE DE POLLO-INDUSTRIA Y COMERCIO | |
| 650 | 7 | |d MAQUINAS DESPLUMADORA DE POLLOS-ASPECTOS ECONOMICOS | |
| 650 | 7 | |e AVICULTURA-NICARAGUA. | |
| 700 | 1 | |a Tutor: |b Ponce Arróliga, Meyling Isabel | |
| 942 | |c BK |2 ddc | ||
| 991 | |a TESIS | ||
| 999 | |c 19050 | ||